Terraria Fun Facts - Statistics

General Stats
  • This quiz has been taken 396 times
  • The average score is 11 of 21
Answer Stats
Hint Answer % Correct
When does it become day? 4:30 AM
80%
Which eleven elements appear as ore in the game? Gold
78%
Which eleven elements appear as ore in the game? Iron
77%
Which eleven elements appear as ore in the game? Copper
75%
Which eleven elements appear as ore in the game? Platinum
72%
Which eleven elements appear as ore in the game? Tin
71%
Which eleven elements appear as ore in the game? Lead
70%
Which eleven elements appear as ore in the game? Silver
68%
When does it become night? 7:30 PM
67%
Which eleven elements appear as ore in the game? Tungsten
67%
This is the only boss to have two trophies. The Twins
65%
Which eleven elements appear as ore in the game? Titanium
65%
Which eleven elements appear as ore in the game? Cobalt
60%
Which eleven elements appear as ore in the game? Palladium
53%
This is the smallest boss. Lunatic Cultist
49%
What armor set has the most defense? Solar Flare armor
39%
How many full sets of armor are there (excluding helmet variants)? 69
20%
Expert mode's descriptive text, "Fortune and glory, kid", is a quote from what 1984 film Indiana Jones and the Temple of Doom
10%
Which statue is the only statue to not have a base? Pillar Statue
7%
Wings made from what material are the only craftable wings that don't require Souls of Flight? Luminite Bars
4%
The Eye of Cthulhu appears to have what condition? Central Heterochromia
2%
No matching quizzes found
Score Distribution
Percent of People with Each Score
Percentile by Number Answered
Your Score History
You have not taken this quiz